<?xml version="1.0" encoding="UTF-8"?><?xml-stylesheet type="text/xsl" href="static/style.xsl"?><OAI-PMH xmlns="http://www.openarchives.org/OAI/2.0/" xmlns:xsi="http://www.w3.org/2001/XMLSchema-instance" xsi:schemaLocation="http://www.openarchives.org/OAI/2.0/ http://www.openarchives.org/OAI/2.0/OAI-PMH.xsd"><responseDate>2026-04-29T09:10:46Z</responseDate><request verb="GetRecord" identifier="oai:riubu.ubu.es:10259/4834" metadataPrefix="marc">https://riubu.ubu.es/oai/request</request><GetRecord><record><header><identifier>oai:riubu.ubu.es:10259/4834</identifier><datestamp>2024-07-24T11:37:27Z</datestamp><setSpec>com_10259_9476</setSpec><setSpec>com_10259.4_106</setSpec><setSpec>com_10259_2604</setSpec><setSpec>col_10259_9477</setSpec></header><metadata><record xmlns="http://www.loc.gov/MARC21/slim" xmlns:doc="http://www.lyncode.com/xoai" xmlns:xsi="http://www.w3.org/2001/XMLSchema-instance" xmlns:dcterms="http://purl.org/dc/terms/" xsi:schemaLocation="http://www.loc.gov/MARC21/slim http://www.loc.gov/standards/marcxml/schema/MARC21slim.xsd">
<leader>00925njm 22002777a 4500</leader>
<datafield tag="042" ind1=" " ind2=" ">
<subfield code="a">dc</subfield>
</datafield>
<datafield tag="720" ind1=" " ind2=" ">
<subfield code="a">Senes, Nina .</subfield>
<subfield code="e">author</subfield>
</datafield>
<datafield tag="720" ind1=" " ind2=" ">
<subfield code="a">Fernández Albanesi, Luisa .</subfield>
<subfield code="e">author</subfield>
</datafield>
<datafield tag="720" ind1=" " ind2=" ">
<subfield code="a">Garroni, Sebastiano</subfield>
<subfield code="e">author</subfield>
</datafield>
<datafield tag="720" ind1=" " ind2=" ">
<subfield code="a">Santoru, Antonio .</subfield>
<subfield code="e">author</subfield>
</datafield>
<datafield tag="720" ind1=" " ind2=" ">
<subfield code="a">Pistidda, Claudio .</subfield>
<subfield code="e">author</subfield>
</datafield>
<datafield tag="720" ind1=" " ind2=" ">
<subfield code="a">Mulas, Gabriele</subfield>
<subfield code="e">author</subfield>
</datafield>
<datafield tag="720" ind1=" " ind2=" ">
<subfield code="a">Enzo, Stefano</subfield>
<subfield code="e">author</subfield>
</datafield>
<datafield tag="720" ind1=" " ind2=" ">
<subfield code="a">Gennari, Fabiana C.</subfield>
<subfield code="e">author</subfield>
</datafield>
<datafield tag="260" ind1=" " ind2=" ">
<subfield code="c">2018-10</subfield>
</datafield>
<datafield tag="520" ind1=" " ind2=" ">
<subfield code="a">Recent investigations showed the formation of new amide-chloride phases between LiNH2 and AlCl3 after milling and/or heating under hydrogen pressure. These phases exhibited a key role in the improvement of the hydrogen storage properties of the LiNH2-LiH composite. In the present work, we studied the effects of Al and AlCl3 additives on the hydrogen storage behavior of the Li-Mg-N-H system. The dehydrogenation kinetics and the reaction pathway of Al and AlCl3 modified LiNH2-MgH2 composite were investigated through a combination of kinetic measurements and structural analyses. During the first cycle, the addition of Al catalytically accelerates the hydrogen release at 200 °C. In the subsequent cycles, the formation of a new phase of unknown nature is probably responsible for both increased equilibrium hydrogen pressure and decreased dehydrogenation rate. In contrast, AlCl3 additive reacts with LiNH2-MgH2 through the milling and continues during heating under hydrogen pressure. Addition of AlCl3 leads to the formation of two cubic structures identified in the Li-Al-N-H-Cl system, which improves dehydrogenation rate by modifying the thermodynamic stability of the material. This study evidences positive effect of cation and/or anion substitution on hydrogen storage properties of the Li-Mg-N-H system.</subfield>
</datafield>
<datafield tag="024" ind2=" " ind1="8">
<subfield code="a">0925-8388</subfield>
</datafield>
<datafield tag="024" ind2=" " ind1="8">
<subfield code="a">http://hdl.handle.net/10259/4834</subfield>
</datafield>
<datafield tag="024" ind2=" " ind1="8">
<subfield code="a">10.1016/j.jallcom.2018.06.262</subfield>
</datafield>
<datafield ind1=" " ind2=" " tag="653">
<subfield code="a">Hydrogen absorbing materials</subfield>
</datafield>
<datafield ind1=" " ind2=" " tag="653">
<subfield code="a">Mechanochemical processing</subfield>
</datafield>
<datafield ind1=" " ind2=" " tag="653">
<subfield code="a">Kinetics</subfield>
</datafield>
<datafield ind1=" " ind2=" " tag="653">
<subfield code="a">Diffusion</subfield>
</datafield>
<datafield ind1=" " ind2=" " tag="653">
<subfield code="a">Crystal structure</subfield>
</datafield>
<datafield tag="245" ind1="0" ind2="0">
<subfield code="a">Kinetics and hydrogen storage performance of Li-Mg-N-H systems doped with Al and AlCl3</subfield>
</datafield>
</record></metadata></record></GetRecord></OAI-PMH>